| 000 | 00490nam a2200217 a 4500 | ||
|---|---|---|---|
| 001 | nice12345678 | ||
| 003 | IN_TiNIC | ||
| 005 | 20260116011627.0 | ||
| 008 | 050524s0000 egya grp 000 0 ara | ||
| 020 |
_a _c100 |
||
| 082 | 0 | 0 |
_a244 _bSPC |
| 245 | _aAla Afwahal Haiwanat | ||
| 260 |
_aEgypt _bNo Publishers _c0000 |
||
| 300 | _a90p | ||
| 500 | _aincludes index and biblioraphy | ||
| 650 | _aBible Stories | ||
| 710 | 2 | _aSpck | |
| 902 | _bSRS | ||
| 942 | _cBK | ||
| 999 |
_c2970 _d2970 |
||